00580nam a2200205Ia 450000500170000000800460001703700110006304000080007404000080008204000080009004100080009804100080010608400080011410000360012224501020015826000090026030000100026965000130027970000820029220260430150116.0008 250103s9999 xx 000 0 eng d aTheses aCRL beng ceng 2eng aeng qCRL aRamesh Kumar Au.; Lal Madan Gu. 0aPerspective of social entrepreneurship development through social value creation: A case of india c2022 a329p. aCommerce aUniversity of Delhi. Faculty of Commerce and Business. Department of Commerce